000
00321nam a2200121Ia 4500
008
190802s9999 xx 000 0 und d
020
_a
978-93-5129-794-9
100
_a
Denise R.Ferrier
245
0
_a
Lippincott's Illustrated Reviews Biochemistry
260
_a
USA
_b
Wolters Kluwer
_c
2017
300
_a
567:P
942
_c
BK
999
_c
2286
_d
2286